| 000 | 01035nam a2200301 i 4500 | ||
|---|---|---|---|
| 001 | 000010738 | ||
| 003 | DO-SdBNP | ||
| 005 | 20260313112152.0 | ||
| 007 | ta | ||
| 008 | 091009s1996 dr a r 000 p spa d | ||
| 040 |
_aDO-SdBNP _bspa _cBNPHU _erda |
||
| 041 | _aspa | ||
| 082 | 4 |
_aRD861.44 _bM492v _222 |
|
| 100 | 1 |
_aMedrano, Tirso, _d1953- _eautor _4aut. _925949 |
|
| 245 | 1 | 0 |
_aVivencias cotidianas afroamericanas / _cTirso Medrano ; prólogo, Julian Fernández Muñoz. |
| 264 | 1 |
_aSanto Domingo : _bImpresora Valdez, _c1996. |
|
| 300 |
_a182 páginas : _bilustraciones ; _c21 cm. |
||
| 336 |
_atexto _btxt _2rdacontent |
||
| 337 |
_asin mediación _bn _2rdamedia |
||
| 338 |
_avolumen _bnc _2rdacarrier |
||
| 500 | _aIncluye datos biográficos del autor en la contracubierta. | ||
| 590 | _aInventariado, 2018/BT | ||
| 650 | 4 |
_aPoesía dominicana _966 |
|
| 650 | 4 |
_aLiteratura dominicana. _967 |
|
| 700 | 1 |
_aFernández Muñoz, Julian, _eprologuista _4pr. _925950 |
|
| 910 | _aValidado. Control de calidad. MFF | ||
| 942 |
_2ddc _cLBS1 |
||
| 999 |
_c10493 _d10493 |
||